[Event "OP-2022-0-05353"]
[Site "LSS email"]
[Date "2022.11.10"]
[Round "?"]
[White "Aysenov, Murat"]
[Black "MacDonald, Murdo"]
[Result "1-0"]
[WhiteElo "1726"]
[BlackElo "625"]
[PlyCount "43"]
[EventDate "2022.11.09"]
[EventType "tourn (corr)"]
[EventRounds "4"]
[EventCountry "GER"]
[SourceTitle "Corr 2024"]
[Source "ChessBase"]
[SourceDate "2023.10.19"]
[SourceVersion "1"]
[SourceVersionDate "2023.10.19"]
[SourceQuality "1"]

1. e4 e5 2. Nf3 Nc6 3. Bc4 Nf6 4. Ng5 d5 5. exd5 Nxd5 6. Nxf7 Kxf7 7. Qf3+ Ke6 8. Nc3 Nd4 9. Bxd5+ Kd6 10. Qg3 Qf6 11. Ne4+ Kxd5 12. Nxf6+ gxf6 13. Kd1 Bf5 14. d3 Bd6 15. c3 Rag8 16. Qh4 Bxd3 17. cxd4 Rxg2 18. dxe5 Bxe5 19. Qh3 Rxf2 20. Qxd3+ Ke6 21. Ke1 Rg2 22. Qh3+ 1-0

[Event "LSS ZN-2022-0-04445"]
[Site "LSS email"]
[Date "2022.10.17"]
[Round "?"]
[White "Ventura, Bob"]
[Black "MacDonald, Murdo"]
[Result "1-0"]
[WhiteElo "787"]
[BlackElo "671"]
[PlyCount "63"]
[EventDate "2022.10.11"]
[EventType "match (corr)"]
[EventRounds "2"]
[EventCountry "GER"]
[SourceTitle "Corr 2024"]
[Source "ChessBase"]
[SourceDate "2023.10.19"]
[SourceVersion "1"]
[SourceVersionDate "2023.10.19"]
[SourceQuality "1"]

1. e4 e5 2. Nf3 Nc6 3. a3 Nf6 4. Nc3 Bc5 5. h3 0-0 6. Bc4 d6 7. d3 b6 8. Nd5 Nxd5 9. Bxd5 Bb7 10. c3 Rb8 11. b4 Bxf2+ 12. Kxf2 Ne7 13. Bb3 Ng6 14. Rf1 Nf4 15. Bxf4 exf4 16. Qd2 Qf6 17. Kg1 Rbe8 18. Nd4 Qh4 19. Rxf4 Qe7 20. Raf1 c5 21. Nf5 Qc7 22. Qf2 a5 23. Qg3 g6 24. Rh4 c4 25. Bxc4 d5 26. Qxc7 dxc4 27. Nh6+ Kg7 28. Qxb7 cxd3 29. Qd5 Rd8 30. Rxf7+ Rxf7 31. Qxf7+ Kh8 32. Qf6# 1-0

[Event "OP-2022-0-05341"]
[Site "LSS email"]
[Date "2022.10.10"]
[Round "?"]
[White "Heiser, Jerome"]
[Black "MacDonald, Murdo"]
[Result "1-0"]
[WhiteElo "668"]
[BlackElo "658"]
[PlyCount "47"]
[EventDate "2022.10.08"]
[EventType "tourn (corr)"]
[EventRounds "4"]
[EventCountry "GER"]
[SourceTitle "Corr 2024"]
[Source "ChessBase"]
[SourceDate "2023.10.19"]
[SourceVersion "1"]
[SourceVersionDate "2023.10.19"]
[SourceQuality "1"]

1. e4 e5 2. Nf3 Nc6 3. Nc3 Nf6 4. a3 Bc5 5. h3 d6 6. Bc4 0-0 7. d3 Be6 8. Bg5 Nd4 9. Nxd4 exd4 10. Nd5 Bxd5 11. Bxd5 c6 12. Bc4 h6 13. Bh4 g5 14. Bg3 d5 15. exd5 cxd5 16. Bb3 b5 17. 0-0 Nh5 18. Qxh5 Qf6 19. Bxd5 Rae8 20. Rfe1 Rxe1+ 21. Rxe1 a5 22. Be5 Qe7 23. Qxh6 b4 24. Qg7# 1-0

[Event "OP-2022-0-05341"]
[Site "LSS email"]
[Date "2022.10.10"]
[Round "?"]
[White "MacDonald, Murdo"]
[Black "Wiaderek, Piotr"]
[Result "0-1"]
[WhiteElo "658"]
[BlackElo "2026"]
[PlyCount "30"]
[EventDate "2022.10.08"]
[EventType "tourn (corr)"]
[EventRounds "4"]
[EventCountry "GER"]
[SourceTitle "Corr 2024"]
[Source "ChessBase"]
[SourceDate "2023.10.19"]
[SourceVersion "1"]
[SourceVersionDate "2023.10.19"]
[SourceQuality "1"]

1. e4 c6 2. d4 d5 3. Nc3 dxe4 4. Nxe4 Nd7 5. Nf3 Ngf6 6. Bd3 Nxe4 7. Bxe4 Nf6 8. Bg5 Nxe4 9. 0-0 Nxg5 10. Nxg5 Bf5 11. c3 h6 12. Qb3 hxg5 13. Qxb7 Qb8 14. Qxc6+ Bd7 15. Qf3 Qxh2# 0-1

[Event "FICGS rapid D 000117 email"]
[Site "FICGS email"]
[Date "2018.08.12"]
[Round "1"]
[White "MacDonald, Murdo"]
[Black "Hadden, John"]
[Result "0-1"]
[WhiteElo "1314"]
[BlackElo "1383"]
[PlyCount "46"]
[EventDate "2018.??.??"]
[EventType "tourn (rapid)"]
[EventRounds "5"]
[SourceTitle "Corr 2022"]
[Source "ChessBase"]
[SourceDate "2021.10.24"]
[SourceVersion "1"]
[SourceVersionDate "2021.10.24"]
[SourceQuality "1"]

1. e4 e5 2. Nf3 Nc6 3. Bb5 a6 4. Bxc6 bxc6 5. 0-0 d6 6. Nc3 Nf6 7. d3 Be7 8. Bg5 h6 9. Bh4 Nh7 10. Ne2 Bxh4 11. g3 Bf6 12. c4 Ng5 13. Nxg5 Bxg5 14. Nc3 0-0 15. Qh5 Rb8 16. b3 Qf6 17. h4 Bd2 18. Ne2 Bb4 19. f4 exf4 20. Rxf4 Qxa1+ 21. Rf1 Qxa2 22. Nf4 Bc5+ 23. Kh1 Rxb3 0-1

[Event "FICGS rapid D 000117 email"]
[Site "FICGS email"]
[Date "2018.08.12"]
[Round "1"]
[White "MacDonald, Murdo"]
[Black "Trigance, Emile"]
[Result "0-1"]
[WhiteElo "1314"]
[BlackElo "1665"]
[PlyCount "50"]
[EventDate "2018.??.??"]
[EventType "tourn (rapid)"]
[EventRounds "5"]
[SourceTitle "Corr 2022"]
[Source "ChessBase"]
[SourceDate "2021.10.24"]
[SourceVersion "1"]
[SourceVersionDate "2021.10.24"]
[SourceQuality "1"]

1. e4 c6 2. d4 d5 3. e5 Bf5 4. Bf4 e6 5. Nc3 Nd7 6. Nf3 h6 7. Bd3 Ne7 8. 0-0 Bxd3 9. Qxd3 Ng6 10. Rae1 Nxf4 11. Qd2 Ng6 12. Ne2 Be7 13. a3 c5 14. dxc5 Bxc5 15. Ned4 0-0 16. b4 Bxd4 17. Qxd4 Qc7 18. c3 Nb6 19. Nh4 Nxh4 20. Qxh4 Nc4 21. Rd1 Qxe5 22. Qd4 Qxd4 23. Rxd4 Nxa3 24. Rc1 Rfc8 25. Kf1 Nb5 0-1